|
|
|
|
| LEADER |
00000nab a22000005a 4500 |
| 001 |
AR-BbUGT10144 |
| 003 |
AR-BbUGT |
| 005 |
20210612184851.0 |
| 007 |
ta |
| 008 |
190701s2017 ag |||p |||| 00| 0 spa d |
| 040 |
|
|
|a AR-BbUGT
|c AR-BbUGT
|e rca
|
| 041 |
1 |
|
|a spa
|b eng
|h spa
|
| 100 |
1 |
|
|a Varisco, Cristina.
|
| 245 |
1 |
3 |
|a La economía en la formación de los licenciados en turismo /
|c Cristina Varisco, Gonzalo Cruz e Ignacio Azcué Vigil.
|
| 300 |
|
|
|a p. 45-59
|
| 520 |
3 |
|
|a La formación de los licenciados en turismo en Argentina incluye asignaturas de economía porque se coincide en reconocer su importancia para el ejercicio profesional. El peso de estas materias en la currícula difiere según la inserción institucional de la carrera y su vinculación con un área de investigación todavía en consolidación: la economía del turismo. Ante la diversidad de situaciones observadas, surge el interrogante sobre la posibilidad de integrar diferentes corrientes de pensamiento en una asignatura y se propone una discusión teórica en base a tres ejes epistemológicos: el turismo como campo de conocimiento abierto e interdisciplinario; la economía como ciencia social en la que se superponen teorías y paradigmas; y el pensamiento complejo. A partir de la revisión de contenidos mínimos y programas que se dictan en las universidades públicas del país, se propone un conjunto de temas económicos para la formación de los profesionales en turismo.
|
| 653 |
|
|
|a Enseñanza superior
|
| 653 |
|
|
|a Economía del turismo
|
| 653 |
|
|
|a Paradigmas
|
| 653 |
|
|
|a Turismo
|
| 653 |
|
|
|a Graduados
|
| 653 |
|
|
|a Retención de matrícula
|
| 653 |
|
|
|a Oferta académica
|
| 700 |
1 |
|
|a Cruz, Gonzalo.
|
| 700 |
1 |
|
|a Azcué Vigil, Ignacio.
|
| 773 |
0 |
|
|d Mar del Plata : Facultad de Ciencias Económicas y Sociales, [1995] - .
|w AR-BbUGT7150
|x 0328-4050
|t Faces
|g Vol. 23, no. 48 (ene. - jul. 2017), p. 45-59
|q 48:45<59
|
| 856 |
4 |
1 |
|3 Texto completo.
|u http://nulan.mdp.edu.ar/2580/
|y Portal de Promoción y Difusión Pública del Conocimiento Académico y Científico de la Facultad de Ciencias Económicas y Sociales de la Universidad Nacional de Mar del Plata.
|
| 942 |
|
|
|c ARTPP
|2 ddc
|
| 999 |
|
|
|c 15818
|d 15818
|